| 000 | 00756nam a2200241Ia 4500 | ||
|---|---|---|---|
| 001 | Z_5881 | ||
| 003 | CHAP | ||
| 008 | 220113s2009 xx 000 0 und d | ||
| 010 | _a169090 | ||
| 040 | _cCHAP | ||
| 090 | _aTesis R 2149 | ||
| 100 |
_aRuíz Domínguez, Carlo _9100656 |
||
| 245 |
_aEvaluación de componentes de rendimiento y calidad nutricional de Brachiaria brizantha a diferentes dósis y fuentes de nitrógeno en Villa Avila Camacho, Puebla / _cCarlo Ruíz Domínguez |
||
| 260 |
_aChapingo, Méx. : _bEl autor, _c2009 |
||
| 300 | _a55 h. | ||
| 502 | _aTesis (Ing. Agr. Esp. en Zootecnia) -- UACH. Departamento de Zootecnia | ||
| 901 | _aTESIS R 2149 | ||
| 902 | _aA | ||
| 910 | _a2009 | ||
| 942 | _c2 | ||
| 942 | _c2 | ||
| 999 |
_c169090 _d169090 |
||